Evolving synergies : (Record no. 91933)

MARC details
000 -LEADER
fixed length control field 00753nam a22002177a 4500
005 - DATE AND TIME OF LATEST TRANSACTION
control field 20150515121531.0
010 ## - LCCN (DPL NO)
LC control number ENG-112297
020 ## - INTERNATIONAL STANDARD BOOK NUMBER
International Standard Book Number 9781138796133
Terms of availability 695.00
035 ## - SYSTEM CONTROL NUMBER
System control number EN-95829
037 ## - SOURCE OF ACQUISITION
Source of stock number/acquisition DBAD/PUB
082 ## - DEWEY DECIMAL CLASSIFICATION NUMBER
Classification number 792.8095956
245 ## - TITLE STATEMENT
Title Evolving synergies :
Remainder of title celebrating dance in Singapore /
Statement of responsibility, etc edited by Stephanie Burridge [and] Caren Carino
260 ## - PUBLICATION, DISTRIBUTION, ETC. (IMPRINT)
Place of publication, distribution, etc New Delhi
Name of publisher, distributor, etc Routledge
Date of publication, distribution, etc 2014
270 ## - ADDRESS
Address 912, Tolstoy House,15-17 Tolstoy Marg, Connaught Place
City New Delhi
Postal code 110001
300 ## - PHYSICAL DESCRIPTION
Extent xix,232p. :
Other physical details ill.
Dimensions 22cm(Hb)
490 ## - SERIES STATEMENT
Series statement Celebrating dance in Asia and the Pacific ; edited by Stephanie Burridge
500 ## - GENERAL NOTE
General note Includes index
700 ## - ADDED ENTRY--PERSONAL NAME
Personal name Burridge, Stephanie
700 ## - ADDED ENTRY--PERSONAL NAME
Personal name Carino, Caren
942 ## - ADDED ENTRY ELEMENTS (KOHA)
Source of classification or shelving scheme Dewey Decimal Classification
Item type English Books
Call number suffix EVO
Call number prefix 792.8095956
Holdings
Withdrawn status Lost status Not for loan Collection code Home library Current library Date acquired Source of acquisition Cost, normal purchase price Full call number Barcode Copy number Cost, replacement price Koha item type
    Not For Loan Non-fiction D.B.Act.Division D.B.Act.Division 26/02/2015 DBAD/PUB 695.00 792.8095956 EVO EN-95829 1 695.00 English Books

© Delhi Public Library
Hit Counter
free hit counter